Toutes les communes du Pays Basque espagnol sur une carte - Statistiques

Statistiques générales
  • Ce quiz a été pris 25 fois
  • Le résultat moyen est 25 sur 252
Réponses sur la Carte
Les réponses sont colorées sur une échelle allant du rouge au vert en fonction du pourcentage des utilisateurs qui les ont devinées à leur premier essai. Vous pouvez retrouver ces pourcentages ci-dessous.
 
Statistiques - réponses
Province Commune Population % Correct
Biscaye Bilbao 349 356
95%
Guipuscoa Donostia-San Sebastián (Saint-Sébastien) 186 500
95%
Guipuscoa Irun 61 113
86%
Alava Vitoria-Gasteiz 253 672
73%
Guipuscoa Hondarribia (Fontarrabie) 16 795
55%
Biscaye Getxo 79 839
50%
Guipuscoa Eibar 27 439
45%
Biscaye Gernika-Lumo 16 683
41%
Guipuscoa Zarautz 22 760
41%
Guipuscoa Errenteria 39 178
36%
Guipuscoa Pasaia 15 849
36%
Guipuscoa Tolosa 18 836
36%
Biscaye Bermeo 17 159
32%
Guipuscoa Hernani 19 354
32%
Guipuscoa Lezo 6 054
32%
Guipuscoa Orio 5 524
32%
Biscaye Portugalete 47 233
32%
Biscaye Barakaldo 100 502
27%
Guipuscoa Oiartzun 9 995
27%
Guipuscoa Andoain 14 630
23%
Biscaye Basauri 41 799
23%
Guipuscoa Deba 5 424
23%
Alava Iruña de Oca 3 551
23%
Guipuscoa Lasarte-Oria 18 024
23%
Biscaye Lekeitio 7 374
23%
Biscaye Ondarroa 8 687
23%
Guipuscoa Zumaia 9 626
23%
Biscaye Amorebieta-Etxano 18 650
18%
Guipuscoa Arrasate-Mondragо́n 22 051
18%
Guipuscoa Astigarraga 5 304
18%
Biscaye Durango 28 691
18%
Guipuscoa Elgoibar 11 518
18%
Guipuscoa Getaria 2 686
18%
Biscaye Mungia 17 022
18%
Guipuscoa Mutriku 5 225
18%
Biscaye Santurtzi 47 020
18%
Guipuscoa Usurbil 6 111
18%
Guipuscoa Anoeta 1 872
14%
Guipuscoa Azkoitia 11 463
14%
Guipuscoa Azpeitia 14 509
14%
Biscaye Bakio 2 628
14%
Biscaye Galdakao 29 288
14%
Alava Laguardia 1 483
14%
Alava Laudio 17 906
14%
Biscaye Leioa 30 637
14%
Biscaye Mundaka 1 929
14%
Guipuscoa Oñati (Ognate) 11 202
14%
Biscaye Sopela 12 977
14%
Guipuscoa Urnieta 6 214
14%
Biscaye Valle de Trápaga 12 100
14%
Guipuscoa Villabona-Amasa 5 882
14%
Guipuscoa Zumarraga 10 094
14%
Biscaye Abadiño 7 458
9%
Guipuscoa Aia 2 038
9%
Guipuscoa Alegia 1 756
9%
Guipuscoa Alkiza 380
9%
Alava Amurrio 10 281
9%
Alava Arraia-Maeztu 235
9%
Biscaye Arrigorriaga 12 374
9%
Biscaye Artea 760
9%
Guipuscoa Ataun 1 681
9%
Biscaye Balmaseda 7 833
9%
Guipuscoa Beasain 13 792
9%
Guipuscoa Berastegi 1 067
9%
Guipuscoa Bergara 14 763
9%
Biscaye Ea 864
9%
Biscaye Elantxobe 393
9%
Alava Elciego 971
9%
Biscaye Ermua 16 247
9%
Guipuscoa Gaztelu 170
9%
Biscaye Gorliz 5 607
9%
Guipuscoa Ibarra 4 268
9%
Guipuscoa Idiazabal 2 299
9%
Guipuscoa Irura 1 665
9%
Biscaye Ispaster 715
9%
Biscaye Lanestosa 270
9%
Biscaye Lemoiz 1 137
9%
Biscaye Markina-Xemein 4 982
9%
Biscaye Muskiz 7 620
9%
Biscaye Ortuella 8 397
9%
Biscaye Otxandio 1 291
9%
Alava Salvatierra-Agurain 5 069
9%
Guipuscoa Segura 1 473
9%
Biscaye Sestao 28 651
9%
Guipuscoa Urretxu 6 853
9%
Biscaye Zamudio 3 272
9%
Guipuscoa Abaltzisketa 330
5%
Biscaye Abanto-Zierbena 9 758
5%
Guipuscoa Aduna 457
5%
Guipuscoa Aizarnazabal 770
5%
Biscaye Ajangiz 450
5%
Guipuscoa Albiztur 322
5%
Alava Alegría-Dulantzi 2 960
5%
Biscaye Alonsotegi 2 827
5%
Guipuscoa Altzaga 164
5%
Guipuscoa Altzo 409
5%
Guipuscoa Amezketa 972
5%
Biscaye Amoroto 402
5%
Alava Añana 156
5%
Guipuscoa Antzuola 2 189
5%
Biscaye Arakaldo 130
5%
Guipuscoa Arama 217
5%
Alava Aramaio 1 431
5%
Biscaye Arantzazu 364
5%
Biscaye Areatza 1 227
5%
Guipuscoa Aretxabaleta 6 930
5%
Biscaye Arrankudiaga 964
5%
Biscaye Arratzu 387
5%
Alava Arratzua-Ubarrundia 804
5%
Biscaye Arrieta 545
5%
Biscaye Artzentales 728
5%
Alava Artziniega 1 031
5%
Alava Asparrena 1 637
5%
Guipuscoa Asteasu 1 513
5%
Biscaye Atxondo 1 386
5%
Biscaye Aulesti 648
5%
Alava Ayala-Aiara 2 921
5%
Guipuscoa Baliarrain 131
5%
Alava Baños de Ebro-Mañueta 296
5%
Biscaye Barrika 1 538
5%
Alava Barrundia 914
5%
Biscaye Bedia 1 020
5%
Guipuscoa Beizama 170
5%
Guipuscoa Belauntza 269
5%
Biscaye Berango 6 947
5%
Alava Berantevilla 452
5%
Alava Bernedo 560
5%
Biscaye Berriatua 1 249
5%
Biscaye Berriz 4 829
5%
Guipuscoa Berrobi 564
5%
Guipuscoa Bidania-Goiatz 525
5%
Biscaye Busturia 1 717
5%
Alava Campezo 1 094
5%
Biscaye Derio 5 828
5%
Biscaye Dima 1 404
5%
Alava Elburgo 629
5%
Guipuscoa Elduain 239
5%
Guipuscoa Elgeta 1 139
5%
Biscaye Elorrio 7 294
5%
Alava Elvillar 316
5%
Biscaye Erandio 24 457
5%
Biscaye Ereño 249
5%
Guipuscoa Errezil 606
5%
Biscaye Errigoiti 532
5%
Guipuscoa Eskoriatza 4 064
5%
Biscaye Etxebarri 10 572
5%
Biscaye Etxebarria 805
5%
Guipuscoa Ezkio-Itsaso 602
5%
Biscaye Forua 978
5%
Biscaye Fruiz 547
5%
Guipuscoa Gabiria 496
5%
Guipuscoa Gaintza 119
5%
Biscaye Galdames 822
5%
Biscaye Gamiz-Fika 1 348
5%
Biscaye Garai 330
5%
Biscaye Gatika 1 611
5%
Biscaye Gautegiz Arteaga 895
5%
Biscaye Gizaburuaga 215
5%
Biscaye Gordexola 1 717
5%
Biscaye Güeñes 6 522
5%
Alava Harana 226
5%
Guipuscoa Hernialde 352
5%
Biscaye Ibarrangelu 632
5%
Biscaye Igorre 4 229
5%
Guipuscoa Ikaztegieta 464
5%
Alava Iruraiz-Gauna 537
5%
Guipuscoa Itsasondo 669
5%
Biscaye Iurreta 3 856
5%
Biscaye Izurtza 279
5%
Biscaye Karrantza Harana 2 775
5%
Biscaye Kortezubi 445
5%
Alava Kripan 176
5%
Alava Kuartango 421
5%
Alava Labastida 1 538
5%
Alava Lagrán 175
5%
Alava Lanciego 724
5%
Alava Lapuebla de Labarca 870
5%
Biscaye Larrabetzu 2 016
5%
Guipuscoa Larraul 259
5%
Biscaye Laukiz 1 148
5%
Guipuscoa Lazkao 5 486
5%
Guipuscoa Leaburu 362
5%
Guipuscoa Legazpi 8 638
5%
Guipuscoa Legorreta 1 491
5%
Alava Legutio 2 017
5%
Guipuscoa Leintz-Gatzaga 258
5%
Biscaye Lemoa 3 475
5%
Alava Leza 217
5%
Biscaye Lezama 2 448
5%
Guipuscoa Lizartza 637
5%
Biscaye Loiu 2 484
5%
Biscaye Mallabia 1 212
5%
Biscaye Mañaria 517
5%
Biscaye Maruri-Jatabe 948
5%
Biscaye Meñaka 745
5%
Guipuscoa Mendaro 1 981
5%
Biscaye Mendata 368
5%
Biscaye Mendexa 440
5%
Alava Moreda de Álava 216
5%
Biscaye Morga 427
5%
Biscaye Munitibar-Arbatzegi-Gerrikaitz 458
5%
Biscaye Murueta 311
5%
Guipuscoa Mutiloa 252
5%
Biscaye Muxika 1 457
5%
Biscaye Nabarniz 232
5%
Alava Navaridas 200
5%
Alava Okondo 1 187
5%
Guipuscoa Olaberria 942
5%
Guipuscoa Ordizia 9 767
5%
Guipuscoa Orendain 192
5%
Guipuscoa Orexa 122
5%
Guipuscoa Ormaiztegi 1 312
5%
Biscaye Orozko 2 613
5%
Alava Oyо́n 3 408
5%
Alava Peñacerrada 310
5%
Biscaye Plentzia 4 347
5%
Alava Ribera Alta-Erribera Goitia 820
5%
Alava Ribera Baja-Erribera Beitia 1 416
5%
Alava Samaniego 311
5%
Alava San Millán-Donemiliaga 718
5%
Biscaye Sondika 4 550
5%
Biscaye Sopuerta 2 575
5%
Guipuscoa Soraluze-Placencia de las Armas 4 018
5%
Biscaye Sukarrieta 360
5%
Biscaye Turtzioz 535
5%
Biscaye Ubide 176
5%
Biscaye Ugao-Miraballes 4 094
5%
Biscaye Urduliz 3 770
5%
Biscaye Urduña 4 246
5%
Alava Urkabustaiz 1 408
5%
Biscaye Usansolo 4 570
5%
Alava Valdegovía-Gaubea 1 097
5%
Alava Villabuena de Álava-Eskuernaga 291
5%
Alava Yécora 247
5%
Biscaye Zaldibar 3 042
5%
Guipuscoa Zaldibia 1 528
5%
Alava Zalduondo 195
5%
Biscaye Zalla 8 511
5%
Alava Zambrana 425
5%
Biscaye Zaratamo 1 650
5%
Biscaye Zeanuri 1 290
5%
Biscaye Zeberio 1 084
5%
Guipuscoa Zegama 1 547
5%
Guipuscoa Zerain 263
5%
Guipuscoa Zestoa 3 650
5%
Biscaye Zierbena 1 479
5%
Alava Zigoitia 1 822
5%
Biscaye Ziortza-Bolibar 429
5%
Guipuscoa Zizurkil 2 994
5%
Alava Zuia 2 330
5%
Alava Armiñо́n 1 810
0%
Alava Lantarо́n 931
0%
Aucun quiz correspondant
Distribution des résultats
% des personnes avec chaque résultat
Percentile par nombre de réponses
Votre historique - résultats
Vous n’avez pas pris ce quiz